10 Most Populous Cities By Country #2 - Statistics

General Stats
  • This quiz has been taken 134 times
  • The average score is 33 of 50
Answer Stats
Country Population City % Correct
United Kingdom 7,556,900 London
98%
Canada 2,731,571 Toronto
98%
Australia 4,627,345 Sydney
96%
United Kingdom 864,122 Liverpool
94%
India 10,927,986 New Delhi
94%
Canada 631,486 Vancouver
94%
United Kingdom 984,333 Birmingham
93%
India 12,691,836 Mumbai
93%
Colombia 7,674,366 Bogota
92%
United Kingdom 455,123 Leeds
91%
Australia 4,246,375 Melbourne
91%
Australia 1,896,548 Perth
91%
Canada 1,704,694 Montreal
90%
United Kingdom 591,620 Glasgow
89%
Australia 2,189,878 Brisbane
88%
United Kingdom 464,990 Edinburgh
88%
Canada 934,243 Ottawa
87%
Canada 1,239,220 Calgary
85%
Canada 932,546 Edmonton
84%
Australia 1,225,235 Adelaide
83%
Australia 367,752 Canberra
82%
India 4,631,392 Kolkata
82%
Colombia 1,999,979 Medellin
82%
India 5,104,047 Bangalore
79%
India 4,328,063 Chennai
76%
Australia 308,308 Newcastle
76%
Colombia 2,392,877 Cali
75%
India 3,597,816 Hyderabad
73%
India 3,719,710 Ahmedabad
71%
United Kingdom 685,368 Sheffield
71%
United Kingdom 617,280 Bristol
70%
Canada 705,244 Winnipeg
70%
India 2,935,744 Pune
64%
Colombia 1,380,425 Barranquilla
61%
Australia 591,473 Gold Coast
60%
United Kingdom 729,977 Nottingham
57%
Colombia 952,024 Cartagena
54%
United Kingdom 508,916 Leicester
52%
Canada 536,917 Hamilton
47%
India 2,894,504 Surat
40%
India 2,823,249 Kanpur
32%
Australia 292,190 Wollongong
28%
Colombia 571,820 Bucaramanga
25%
Canada 721,599 Mississauga
25%
Canada 593,638 Brampton
15%
Colombia 721,398 Cucuta
11%
Colombia 421,685 Ibague
11%
Colombia 440,118 Pereira
9%
Colombia 431,781 Santa Marta
9%
Australia 282,673 Logan City
2%
No matching quizzes found
Score Distribution
Percent of People with Each Score
Percentile by Number Answered
Your Score History
You have not taken this quiz